000 00595nam a2200181Ia 4500
005 20250508163418.0
008 008 250505s9999 xx 000 0 eng d
037 _aReference
040 _aFEDL
_beng
_cFEDL
041 _aeng
_2eng
084 _a370.954, NCE
_qFEDL
245 0 _aFifth All-India educational survey: Selected statistics: As on September 30, 1986
245 0 _cNCERT (New Delhi India)
260 _aNew Delhi, India
_bNational Council of Educational Research and Training
_c1989
300 _a117p
942 _cREF
_h370.954, NCE
999 _c1382960
_d1382960